000 00597nam a22001817a 4500
005 20251108172007.0
008 250721s2002 xx 000 0 ara d
020 _a9957112775
082 1 4 _a347.5650563/ذنو
100 1 _aالذنون، حسن علي
245 1 0 _aالوجيز في النظرية العامة للإلتزام :
_bدراسة مقارنة بالفقه و المقارن /
264 1 _aعمان :
_bدار وائل للنشر،
_c2002.
300 _aج1
650 1 7 _aالقانون المدني
650 1 7 _aالإلتزامات
942 _2ddc
_cBK
999 _c67811
_d67811